पत्थर और पानीः (Record no. 42456)

MARC details
000 -LEADER
fixed length control field 00937nam a22002057a 4500
005 - DATE AND TIME OF LATEST TRANSACTION
control field 20100818105822.0
010 ## - LCCN (DPL NO)
LC control number HIN-90197
020 ## - INTERNATIONAL STANDARD BOOK NUMBER
Terms of availability 150.00
International Standard Book Number 8186209816
035 ## - SYSTEM CONTROL NUMBER
System control number HN-62543
037 ## - SOURCE OF ACQUISITION
Source of stock number/acquisition DBAD / PUB
082 ## - DEWEY DECIMAL CLASSIFICATION NUMBER
Classification number 808.883
100 ## - MAIN ENTRY--PERSONAL NAME
Personal name रावत, नेत्रसिंह
245 ## - TITLE STATEMENT
Title पत्थर और पानीः
Statement of responsibility, etc नेत्रसिंह रावत
Remainder of title यात्रा संस्मरण /
246 ## - VARYING FORM OF TITLE
Title proper/short title pather aur panee
Remainder of title by Netrsingh Rawat
260 ## - PUBLICATION, DISTRIBUTION, ETC. (IMPRINT)
Place of publication, distribution, etc हापुड़
Name of publisher, distributor, etc संभावना प्रकाशन
Date of publication, distribution, etc 2010
270 ## - ADDRESS
Address रेवती कुंज
City हापुड़
Postal code 245101
300 ## - PHYSICAL DESCRIPTION
Extent 102पृ.
Dimensions 22सेमी (सजिल्द)
942 ## - ADDED ENTRY ELEMENTS (KOHA)
Source of classification or shelving scheme Dewey Decimal Classification
Item type Hindi Books
Classification part 808.883
Call number suffix रावत
Holdings
Withdrawn status Lost status Not for loan Collection code Home library Current library Date acquired Source of acquisition Cost, normal purchase price Full call number Barcode Copy number Cost, replacement price Koha item type
    Not For Loan Non-fiction D.B.Act.Division D.B.Act.Division 18/08/2010 DBAD / PUB 150.00 808.883 रावत HN-62543 1 150.00 Hindi Books

© Delhi Public Library
Hit Counter
free hit counter